Statistics for Best Footballers Ever

Click here to take the quiz!

General Stats

  • This quiz has been taken 12 times
  • The average score is 3 of 21

Answer Stats

HintAnswer% Correct
Paris Saint GermainNeymar
100%
BarcelonaL. Messi
33%
BarcelonaA. Iniesta
22%
Real MadridC. Ronaldo
22%
Atletico MadridA. Griezmann
11%
Bayern MunichgA. Robben
11%
Bayern MunichF. Ribery
11%
Tottenham HotspurH. Kane
11%
BarcelonaL. Suarez
11%
Bayern MunichR. Lewandowski
11%
Manchester CityS. Aguero
11%
Real MadridS. Ramos
11%
Manchester UnitedZ. Ibrahimovic
11%
Manchester UnitedE. Cantona
0%
ChelseaE. Hazard
0%
Real MadridG. Bale
0%
BarcelonaG. Pique
0%
Tottenham HotspurH.M. Son
0%
Bayern MunichJ. Boateng
0%
Bayer LeverkusenK. Kampl
0%
Borussia DortmundP.E. Aubameyang
0%

Score Distribution

Percentile by Number Answered

Percent of People with Each Score

Your Score History

You have not taken this quiz